[Event "Helsingor Xtracon op"]
[Site "Helsingor"]
[Date "2018.07.22"]
[Round "2"]
[White "Bjerre, Jonas Buhl"]
[Black "Emborg, Jens"]
[Result "1-0"]
[WhiteElo "2436"]
[BlackElo "1545"]
[PlyCount "55"]
[EventDate "2018.07.21"]
[EventType "swiss"]
[EventRounds "10"]
[EventCountry "DEN"]
[SourceTitle "CBM 185 Extra"]
[Source "ChessBase"]
[SourceDate "2018.07.29"]
[SourceVersion "1"]
[SourceVersionDate "2018.07.29"]
[SourceQuality "1"]

1. e4 e6 2. d4 d5 3. Nd2 Nf6 4. e5 Nfd7 5. Bd3 c5 6. c3 Nc6 7. Ne2 Be7 8. 0-0 0-0 9. Nf3 cxd4 10. cxd4 f6 11. exf6 Nxf6 12. Re1 Bd7 13. Nf4 Bb4 14. Nxe6 Bxe6 15. Rxe6 Qc7 16. h3 Rae8 17. Rxe8 Rxe8 18. Bg5 Ne4 19. Qb3 Qf7 20. Be3 Bd6 21. Rc1 Re7 22. Bb5 Rc7 23. Qa4 Bf4 24. Bxc6 Bxe3 25. fxe3 Ng3 26. Bxd5 Rxc1+ 27. Kf2 Ne4+ 28. Bxe4 1-0

[Event "Politiken Cup 34th"]
[Site "Helsingor"]
[Date "2012.08.05"]
[Round "10"]
[White "Edwardsson, Hannu Kalervo"]
[Black "Emborg, Jens"]
[Result "1/2-1/2"]
[WhiteElo "1464"]
[BlackElo "1649"]
[PlyCount "131"]
[EventDate "2012.07.28"]
[EventType "swiss"]
[EventRounds "10"]
[EventCountry "DEN"]
[SourceTitle "CBM 149 Extra"]
[Source "ChessBase"]
[SourceDate "2012.08.24"]
[SourceVersion "1"]
[SourceVersionDate "2012.08.24"]
[SourceQuality "1"]

1. e4 e6 2. Nf3 d5 3. exd5 exd5 4. d4 Bd6 5. Be2 Bf5 6. 0-0 Nf6 7. Bg5 0-0 8. Bxf6 Qxf6 9. c4 c6 10. c5 Bc7 11. Nc3 Nd7 12. Bd3 Bxd3 13. Qxd3 Rae8 14. Rfe1 Qd8 15. Rxe8 Rxe8 16. Re1 Nf6 17. Rxe8+ Qxe8 18. Qe2 b6 19. Qxe8+ Nxe8 20. b4 bxc5 21. bxc5 g6 22. g4 f5 23. gxf5 gxf5 24. h3 Ng7 25. Ne2 Kf7 26. Ng3 f4 27. Ne2 Kf6 28. Nh2 h5 29. f3 Nf5 30. Nf1 Kg5 31. Kh2 Ba5 32. Kg2 Be1 33. Kh2 Bf2 34. Kg2 Bxd4 35. Nxd4 Nxd4 36. Nd2 Kf5 37. h4 Ke5 38. Kh3 Ne6 39. Nb3 d4 40. Kg2 Kd5 41. Na5 Kxc5 42. Nb7+ Kd5 43. Kf2 Nc5 44. Nd8 Nd3+ 45. Ke2 Nc1+ 46. Kd2 Nxa2 47. Nf7 a5 48. Nh8 Ke6 49. Ng6 Nb4 50. Nxf4+ Kf5 51. Nxh5 a4 52. Ng3+ Kg6 53. Ne2 c5 54. Kc1 Nd3+ 55. Kb1 Kh5 56. Ka2 Kxh4 57. Ka3 Ne5 58. Kxa4 d3 59. Nc3 Kg3 60. Kb5 c4 61. Kc5 Kxf3 62. Kd4 Kf4 63. Nd5+ Kf5 64. Ne3+ Ke6 65. Nxc4 Nxc4 66. Kxd3 1/2-1/2

[Event "Politiken Cup 34th"]
[Site "Helsingor"]
[Date "2012.08.02"]
[Round "7"]
[White "Emborg, Jens"]
[Black "Haldorsen, Benjamin"]
[Result "0-1"]
[WhiteElo "1649"]
[BlackElo "1811"]
[PlyCount "28"]
[EventDate "2012.07.28"]
[EventType "swiss"]
[EventRounds "10"]
[EventCountry "DEN"]
[SourceTitle "CBM 149 Extra"]
[Source "ChessBase"]
[SourceDate "2012.08.24"]
[SourceVersion "1"]
[SourceVersionDate "2012.08.24"]
[SourceQuality "1"]

1. e4 c5 2. Nf3 Nc6 3. d4 cxd4 4. Nxd4 Nf6 5. Nc3 e5 6. Ndb5 d6 7. Bc4 a6 8. Na3 b5 9. Naxb5 axb5 10. Bxb5 Bd7 11. Nd5 Rc8 12. Nxf6+ gxf6 13. Qd5 Nb4 14. Bxd7+ Qxd7 0-1

[Event "Copenhagen K41 Sommer F"]
[Site "Copenhagen"]
[Date "2012.06.16"]
[Round "5"]
[White "Emborg, Jens"]
[Black "Nielsen, Angelo"]
[Result "0-1"]
[WhiteElo "1481"]
[BlackElo "1467"]
[PlyCount "96"]
[EventDate "2012.05.17"]
[EventType "tourn"]
[EventRounds "5"]
[EventCountry "DEN"]
[SourceTitle "EXT 2023"]
[Source "ChessBase"]
[SourceDate "2022.10.05"]
[SourceVersion "1"]
[SourceVersionDate "2022.10.05"]
[SourceQuality "1"]

1. e4 d6 2. d4 g6 3. Nf3 Bg7 4. Nc3 Nf6 5. Be3 0-0 6. Bc4 c6 7. Bb3 a5 8. 0-0 b5 9. a3 Bb7 10. Nd2 Nbd7 11. f3 a4 12. Ba2 Qa5 13. Ne2 e5 14. c3 c5 15. b4 cxb4 16. cxb4 Qb6 17. Bf2 Qa6 18. d5 Rac8 19. Rc1 Nb6 20. Nc3 Nh5 21. g3 Bh6 22. Qe2 Nc4 23. Bxc4 bxc4 24. Rc2 f5 25. exf5 gxf5 26. f4 Nf6 27. fxe5 Nxd5 28. exd6 Qxd6 29. Nb5 Nf4 30. gxf4 Qd5 31. Bc5 Qh1+ 32. Kf2 Qxh2+ 33. Ke1 Rfe8 34. Be3 Qg3+ 35. Kd1 Rxe3 36. Qf2 Qxf2 37. Rxf2 Rce8 38. Nxc4 Bf3+ 39. Kd2 Re2+ 40. Rxe2 Rxe2+ 41. Kd3 Rxc2 42. Kxc2 Bxf4 43. Nc3 h5 44. Kd3 h4 45. Ne3 h3 46. Nf1 Kf7 47. Ne2 h2 48. Nxh2 Bxe2+ 0-1

[Event "Copenhagen K41 Sommer F"]
[Site "Copenhagen"]
[Date "2012.05.31"]
[Round "3"]
[White "Gustafsson, Magnus"]
[Black "Emborg, Jens"]
[Result "1-0"]
[WhiteElo "1600"]
[BlackElo "1481"]
[PlyCount "59"]
[EventDate "2012.05.17"]
[EventType "tourn"]
[EventRounds "5"]
[EventCountry "DEN"]
[SourceTitle "EXT 2023"]
[Source "ChessBase"]
[SourceDate "2022.10.05"]
[SourceVersion "1"]
[SourceVersionDate "2022.10.05"]
[SourceQuality "1"]

1. e4 e6 2. d3 d5 3. Nd2 Nf6 4. g3 Nc6 5. Bg2 g6 6. Ngf3 dxe4 7. dxe4 Bg7 8. 0-0 0-0 9. Re1 Qe7 10. Nf1 Rd8 11. Qe2 Nd4 12. Nxd4 Rxd4 13. e5 Nd5 14. c3 Ra4 15. c4 Nb6 16. b3 Ra6 17. a4 Rb8 18. Ba3 Qe8 19. Qd2 Bf8 20. a5 Bxa3 21. Rxa3 Nd7 22. b4 b5 23. c5 Bb7 24. Bxb7 Rxb7 25. Rd3 c6 26. Rd1 Nf8 27. Ne3 f5 28. exf6 h5 29. Ng2 Rf7 30. Rd8 1-0